| 000 | 00478nam a2200169 i 4500 | ||
|---|---|---|---|
| 001 | bg | ||
| 100 | 1 | _aPAROL, Adolf | |
| 245 | 0 |
_aDobór parametrów technologicznych wybranych metod obróbki / _cAdolf Parol, Kazimierz Zaleski ; Politechnika Lubelska. |
|
| 260 |
_aLublin, _c1982. |
||
| 650 | 9 | _aSkrawanie | |
| 655 | _aPodręczniki akademickie | ||
| 700 | 1 | _aZALESKI, Kazimierz | |
| 040 | _cBPK | ||
| 041 | _apol | ||
| 942 | _cKS | ||
| 008 | s pl f |000 0 pol | ||
| 999 |
_c1997 _d1997 |
||
| 856 |
_uhttp://koha.tu.koszalin.pl/cgi-bin/koha/opac-detail.pl?biblionumber=1997 _yKatalog online BPK |
||